LEADER 01087nam a2200217 i 4500 001 000000228242 003 CaOOAMICUS 005 20140324000000.0 008 140324s1965 it u000 u ger u 013 $a207144 040 $aSeMil$bita 100 1 $aBousset, Wilhelm,$d<1865-1920>.$0(OLS)http://semarc/name/51241 245 10$aKyrios Christos :$bGeschichte des Christusglaubens von den Anfängen des Christentums bis Irenaeus /$cWilhelm Bousset. 250 $aFünfte Auflage unveränderter dritter Abdruck der zweiten, umgearbeiteten Auflage, mit ausführlichen Registern. 260 $aIn Göttingen :$bVandenhoeck & Ruprecht,$c1965. 300 $aXXIII, 394 p. ;$c24 cm. 600 04$aGesù Cristo.$0(OLS)http://semarc/subject/712 850 $aSeMil 852 $aSeMil$W1$xVenegono$y1$m2Y III 158$j178588$B178588$CSeMilBibl$Z2$F189492 $81 996 $6245$aKyrios Christos :$bGeschichte des Christusglaubens von den Anfängen des Christentums bis Irenaeus$9(OLS)http://semarc/title/326688 996 $6260$aIn Göttingen :$bVandenhoeck & Ruprecht$9(OLS)http://semarc/publisher/29771 LEADER 01262nam a2200301 i 4500 001 000000060982 003 CaOOAMICUS 005 20081113000000.0 008 081113s1998 it u000 u ita u 013 $a32154 020 $a88-16-40460-4 040 $aSeMil$bita 100 1 $aRicoeur, Paul,$d<1913-2005>.$0(OLS)http://semarc/name/675 240 10$aRéflexion faite.$0(OLS)http://semarc/title/95707 245 10$aRiflession fatta :$bautobiografia intellettuale /$cPaul Ricoeur. 250 $aEdizione italiana. 260 $aMilano :$bJaca Book,$c1998. 300 $a131 p. ;$c24 cm. 490 0 $aDi fronte e attraverso ;$v460 650 4$aRicoeur, Paul <1913-2005> - Pensiero filosofico.$0(OLS)http://semarc/subject/3181 700 1 $aIannotta, Daniella.$0(OLS)http://semarc/name/11833 830 0$aDi fronte e attraverso ;$v460.$0(OLS)http://semarc/title/6486 850 $aSeMil 852 $aSeMil$W1$xVenegono$y1$m2P VII 548$j256633$B27135$CSeMilBibl$Z2$F27138 $81 961 $aAcquisto: Distributore 996 $6020$a88-16-40460-4$9(OLS)http://semarc/number/37175 996 $6245$aRiflession fatta :$bautobiografia intellettuale$9(OLS)http://semarc/title/95706 996 $6260$aMilano :$bJaca Book$9(OLS)http://semarc/publisher/29781